Na zlaté hraně /
Dramatické osudy krasobruslařského páru od jejich pohnutého dětství přes jejich bouřlivý vztah a zářné sportovní úspěchy až po tragický konec společné kariéry. Román je moderním pojetím Bouřlivých výšin.
Uloženo v:
| Hlavní autor: | |
|---|---|
| Další autoři: | |
| Médium: | Kniha |
| Jazyk: | Czech |
| Vydáno: |
Praha :
Dobrovský s.r.o.,
2026
|
| Edice: | Red
|
| Témata: | |
| Celkem bylo vypůjčeno: | 0x |
| Tagy: |
Žádné tagy |
| LEADER | 02643nam a2200433 i 4500 | ||
|---|---|---|---|
| 001 | 106330 | ||
| 003 | CZ PrSKC | ||
| 005 | 20260513095701.0 | ||
| 007 | ta | ||
| 008 | 260507s2026 xr g 000 f cze | ||
| 015 | |a cnb003756801 | ||
| 020 | |a 9788027761838 |q (brožováno) : |c Kč 499,00 | ||
| 040 | |a ABG001 |b cze |e rda | ||
| 041 | 1 | |a cze |h eng | |
| 072 | 7 | |a 821.111(73)-3 |x Americká próza |2 Konspekt |9 25 | |
| 080 | |a 821.111(73)-31 |2 MRF | ||
| 080 | |a (0:82-31)-055.2 |2 MRF | ||
| 100 | 1 | |a Fargo, Layne, |d 1984- |7 xx0344959 |4 aut |9 117346 | |
| 240 | 1 | 0 | |a Favorites. |l Česky |
| 245 | 1 | 0 | |a Na zlaté hraně / |c Layne Fargo ; přeložila Hana Ferstl |
| 264 | 1 | |a Praha : |b Dobrovský s.r.o., |c 2026 | |
| 300 | |a 518 stran ; |c 20 cm | ||
| 336 | |a text |b txt |2 rdacontent | ||
| 337 | |a bez média |b n |2 rdamedia | ||
| 338 | |a svazek |b nc |2 rdacarrier | ||
| 490 | 1 | |a Red | |
| 500 | |a Přeloženo z angličtiny | ||
| 520 | 2 | |a Dramatické osudy krasobruslařského páru od jejich pohnutého dětství přes jejich bouřlivý vztah a zářné sportovní úspěchy až po tragický konec společné kariéry. Román je moderním pojetím Bouřlivých výšin. |b Katarina Shawová vždy věděla, že je předurčena k tomu stát se olympijskou krasobruslařkou. Když potká Heatha Rochu, osamělého chlapce vyrůstajícího v pěstounské péči, jejich spojení z nich na ledové ploše okamžitě učiní neporazitelný pár. Tanec na ledě je pro Katarinu a Heatha únikem před jejich bouřivými životy - i před sebou samými -, a z dětských lásek se stávají šampioni v krasobruslení, kteří okouzlí svět vzájemnou vášní, rebelským stylem a bouřlivým vztahem. Až do šokující události na olympijských hrách, která jejich partnerství náhle ukončí. V době, kdy se blíží desáté výročí jejich posledního vystoupení, zájem veřejnosti o jejich dvojici znovu podnítí dokument, který slibuje, že prostřednictvím rozhovorů s jejich nejbližšími přáteli a největšími rivaly odhalí „skutečný příběh“ Katariny a Heatha. Nakladatelská anotace. Kráceno. | |
| 655 | 7 | |a americké romány |7 fd131796 |2 czenas |9 53403 | |
| 655 | 7 | |a romány pro ženy |7 fd187897 |2 czenas |9 115 | |
| 655 | 9 | |a American fiction |2 eczenas | |
| 655 | 9 | |a women's novels |2 eczenas | |
| 700 | 1 | |a Ferstl, Hana, |d 1968- |7 hka20221168941 |4 trl |9 114030 | |
| 710 | 2 | |a Dobrovský (firma) |7 olak2017946581 |4 pbl |9 117120 | |
| 830 | 0 | |a Red | |
| 910 | |a UOG502 | ||
| 942 | |2 ddc |c KN | ||
| 999 | |d 106330 | ||
| 993 | |0 0 |1 421180107051 |2 ddc |4 0 |7 0 |9 99703 |b 0 |c 107051 |d 2026-05-13 |e 0 |f DOSP |h 499.00 |i Koupě |l DOSP |r 2026-05-13 |t 6 |w 2026-05-13 |y KN |z BELET |n | ||